000 01882nam a2200289 a 4500
001 000020774
005 20260305073956.0
008 100817s2004 dr abcd r f001 0 spa d
020 _a9945015001
040 _aDO-SdBNP
_bspa
_cBNPHU
082 _a338.97293
_bR426o
110 1 _aRepública Dominicana.
_bComisión Presidencial para los Objetivos de Desarrollo del Milenio y el Desarrollo Sostenible.
_943537
245 1 0 _aObjetivos de desarrollo del milenio :
_bRepública Dominicana 2004 /
_cprólogo Leonel Fernández Reyna ; presentación Niky Fabiancic.
260 _aSanto Domingo :
_bAmigo del Hogar,
_c2004.
300 _axi, 83 p. :
_bil., gráfcs., retrs., tablas ;
_c28 cm.
504 _aBibliografía : p. 83.
505 0 _gPrólogo /
_rLeonel Fernández Reyna --
_gPresentación /
_rNiky Fabiancic --
_gIntroducción --
_tRepública Dominicana y los objetivos de Desarrollo del Milenio --
_tObjetivo 1: Erradicar la pobreza extrema y el hambre --
_tObjetivo 2: Lograr la educación primaria universal --
_tObjetivo 3: Promover la equidad de género y la autonomía de la mujer --
_tObjetivo 4: Reducir la tasa de mortalidad infantil --
_tObjetivo 5: Mejorar la salud materna --
_tObjetivo 6: Combatir del VIH/SIDA, el paludismo y otras enfermedades --
_tObjetivo 7: Garantizar la sostenibilidad del medio ambiente --
_tObjetivo 8: Fomentar una sociedad global para el desarrollo --
_gBibliografía.
590 _aInventariado, 2018/BT
650 4 _aDesarrollo sostenible
_9901
650 4 _aPlanificación estratégica
_92433
650 4 _aEstrategias para el desarrollo
_93099
650 4 _aPolíticas de desarrollo
_zRepública Dominicana
_97785
700 1 _aFernández, Leonel,
_d1953-
_epról.
_97291
700 1 _aFabiancic, Niky,
_epresent.
_943541
710 2 _aSistema de las Naciones Unidas en República Dominicana
_943542
910 _aValidado. Control de calidad. EMS
999 _c20278
_d20278